Adivina escudos RSX4 - HAXARG - Estadísticas

Estadísticas generales
  • Esta prueba ha sido intentada 67 veces
  • La puntuación promedio es 58 de 100
Estadísticas de respuestas
Imagen Respuesta % Correcto
Inter de Milán
96%
Floresta Academy
80%
Peñarol
76%
Conurbano Munich
73%
Real Potrero Haxball
73%
Los Porrinos Mágicos
71%
North Texas
71%
Queso de Vaca
71%
Swag United Team
71%
Team Balanza
71%
Ataraxia
69%
FC Barcelona
69%
Flying Club
69%
La Esquina
69%
Militares FC
69%
Newell's Old Boys
69%
Ovejeros
69%
Paris X Gen
69%
Quilmes AC
69%
Vilardeboys
69%
Vilardekids
69%
7 De Picas
67%
Black Orbit
67%
Boveriente
67%
CA Anubis
67%
CA Platense
67%
Fulbito Salame
67%
Hacelo Y Me Muero
67%
Toros Haxball
67%
Unión Santa Fe
67%
Vilardegirls
67%
Anubis Juniors
65%
Bristol City
65%
Colo Colo
65%
Dossier HC
65%
Floresta
65%
Tralaleritas FC
65%
Valhalla
65%
Argentinos Juniors
63%
Bradford United
63%
Danubio
63%
Deportes Tolima
63%
Dream Tin
63%
Montevideo City Torque
63%
Alvarado
61%
CA Barrio Hipódromo
61%
Culón FC
61%
Flandria
61%
Inarizaki
61%
Leones United Team
61%
New York City
61%
Plata O Plomo
61%
Real Potrero Juniors
61%
Sacra FC
61%
Diablos Rojos
59%
Golden Boyz
59%
Hardy Boyz
59%
Kilometro 26
59%
Tarzanito
59%
Corderos
57%
El x7 Del Papu
55%
Burkina Faso HC
53%
Callejeros
53%
Calyndra SC
53%
Deportivo Laferrere
53%
Lotus F1
53%
Mosquitos HC
53%
Voltage 707
53%
Bayer Leverkusen
51%
Dominion
51%
North Texas B
51%
Swag United Team 2
51%
Dream Tin Juniors
49%
Fósiles FC
49%
La Kinta HC
49%
La Milicia
49%
La Tenés Adentro
49%
Naciopool
49%
Wawitas HC
49%
Houston
47%
Manchester Juniors
47%
Randers FC
47%
Laira FC
45%
Molinobardo
45%
Paris X NextGen
45%
Sevilla On Blessed
45%
Zynix Esports
45%
Sportivo Las Parejas
43%
Pastores
41%
Los Huevos De Errege
39%
Misanthropic Division
39%
West Kiev
39%
CA Del Under
37%
Eclipse
35%
Royals Of War
33%
CA Pichones Juniors
31%
La Mamá del Chino
31%
CA Santa Rosa
27%
SV Elversberg
27%
Once A Star
24%
No se encontraron pruebas coincidentes
Distribución de puntuación
Porcentaje de gente con cada puntuación
Porcentaje por número respondido
Historial de tus puntuaciones
No has intentado esta prueba.